Sports Quiz

Random Sports or NBA Quiz
Score 0/5 Timer 01:00
0 Plays Today
Hint Answer % Correct
2008-2009LeBron James
88.7%
2016-2017Giannis Antetokounmpo
68%
2002-2003Kevin Garnett
41.2%
1994-1995Scottie Pippen
38.1%
1977-1978Dave Cowens
9.3%
Remove Ads.
Support Sporcle.
Get the best of Sporcle when you Go Orange. This ad-free experience offers more features, more stats, and more fun while also helping to support Sporcle. Thank you for becoming a member.

You're not logged in!

Compare scores with friends on all Sporcle quizzes.
OR
Log In

Sporcle TV

Today on Sporcle TV


Watch our educational content, quiz creation guides, and fun videos on Sporcle TV.

Show Comments

Extras

Created Nov 21, 2017ReportNominate
Tags:NBA Quiz, Category, lead, Player, team

Top Quizzes Today


Score Distribution

Paid Content

Your Account Isn't Verified!

In order to create a playlist on Sporcle, you need to verify the email address you used during registration. Go to your Sporcle Settings to finish the process.

Report this User

Report this user for behavior that violates our Community Guidelines.

Details: